Reclamaciones de consumidores en materia de transporte ařeo

Bibliographic Details
Main Author: Serrano Barrientos, Amagoia
Format: eBook
Language:Spanish
Published: Barcelona: La Jurd̕ica, 2018
Subjects:
Online Access:Acceso restringido

MARC

LEADER 00000nam a22000007a 4500
005 20190808010047.0
007 cr|||| |||
008 190808s2018 es |||||s|||| 00||0 spa d
020 |a 978-84-949479-1-9 
035 |a 24000 
040 |a vLex 
090 |c 9137  |d 9137 
100 1 |a Serrano Barrientos, Amagoia 
245 1 0 |a Reclamaciones de consumidores en materia de transporte ařeo  |h [Recurso electrn̤ico] /  |c Amagoia Serrano Barrientos 
256 |a Servicio en ln̕ea 
260 |a Barcelona:  |b La Jurd̕ica,  |c 2018 
300 |a 1 recurso electrn̤ico 
506 1 |a Disponible solo en los productos indicados  |d vLex Global  |d vLex Global (Academic Edition, excluding Law Schools)  |d vLex Global (U.S. Academic Edition, Law Schools)  |d vLex Global (U.S. Academic Edition, excluding Law Schools)  |d vLex Global (Academic Edition, Law Schools) 
650 0 4 |a Derecho Civil  |z Espaą 
740 0 |a vLex Libros (Servicio en ln̕ea) 
856 4 0 |u http://vlex.com/source/reclamaciones-consumidores-materia-transporte-aereo-24000  |z Acceso restringido 
942 |c BOOK 
999 0 |a Civil Law